000 00987pam a2200289 a 4500
001 1100
005 20230815155141.0
008 920909s1994 nyua j 000 1 eng
020 _a0399225099 :
040 _aDLC
_cDLC
_dDLC
_beng
050 0 0 _aPZ7.D2394
_bAm 1994
082 0 0 _aFic
_220
100 1 _aDanziger, Paula
_d1944-2004.
245 1 0 _aAmber Brown is not a crayon /
_cPaula Danziger ; illustrated by Tony Ross.
260 _aNew York, NY :
_bPutnam's,
_c1994.
300 _a80 pages :
_billustrations ;
_c20 cm
505 _aQ
520 _aThe year she is in the third grade is a sad time for Amber because her best friend Justin is getting ready to move to a distant state.
521 _a720
_bLexile
521 _aQ
_bRaz-Plus
650 1 _aFriendship
_xFiction.
650 1 _aMoving, Household
_xFiction.
650 1 _aSchools
_xFiction.
700 1 _aRoss, Tony
_eillustrator.
906 _a7
_bcbc
_corignew
_d1
_eocip
_f19
_gy-gencatlg
942 _2ddc
_cBK
_n0
999 _c1100
_d1100